000 00338nam a2200133Ia 4500
008 231017s9999 xx 000 0 und d
082 _a363.125BOS
082 _bBOS
245 0 _aRoads Safety Risk Assessment Part5: Review of Crashes on Unsealed Roads
245 0 _cAustroads
260 _bAustroads
300 _c30cm
942 _cREP
999 _c603537
_d603537